| 000 | 00573nam a2200205Ia 4500 | ||
|---|---|---|---|
| 003 | GCL | ||
| 008 | 140319s9999 xx 000 0 eng d | ||
| 040 |
_aGCL / _cGCL |
||
| 082 | 0 | 4 |
_a822.33 _bQ R |
| 100 | 1 | _aJOHNSON, HAMIH | |
| 245 | 1 | 0 |
_aROUTHEDGE WHO'S WHO IN SHAKESPEARE / _cJOHNSON, HAMIH |
| 700 | 1 | _aQUENNELL, PETES | |
| 260 |
_a[S.N] : _bROUTLEDGE ، _c1995 |
||
| 300 | _a228 P | ||
| 490 |
_aROUTLEDGE INTRODUCTIONS TO DEVELOPMENT _v0 |
||
| 650 | 0 | 4 | _aENGLISH LITERATURE |
| 650 | 0 | 4 | _aHISTORY AND CRITICISM |
| 650 | 0 | 4 | _aSHAKESPEARE, WILLIAM |
| 942 |
_2ddc _cBK |
||
| 999 |
_c24166 _d24166 |
||